000 00493nam a2200169Ia 4500
005 20250508155822.0
008 008 250505s9999 xx 000 0 hin d
037 _aTextual
040 _aFEDL
_beng
_cFEDL
041 _ahin
_2eng
084 _a153.93, GOV
_qFEDL
245 0 _aDepartment of extention services : Objective type test
260 _aJalandhar, India
_bGovt. Training College
_c1957
300 _a62p.
942 _cTEXL
_h153.93, GOV
999 _c1359448
_d1359448